000 00557nam a2200193Ia 4500
005 20250508155839.0
008 008 250505s9999 xx 000 0 eng d
037 _aDissertations
040 _aFEDL
_beng
_cFEDL
041 _aeng
_2eng
084 _a155.5, CHA/DI
_qFEDL
100 _aChakravarti Amala
_9767657
245 0 _aProblem check list for high school girls of Delhi
260 _c1958
300 _a79p.
546 _aM.Ed. Dissertations 1958 (Delhi University)
942 _cDIS
_h155.5, CHA/DI
999 _c1359594
_d1359594